Quiz o Kacprze Tomasiaku - Statystyki

Ogólne statystyki
  • Ten quiz został rozwiązany 83 razy
  • Średni wynik to 6 z 9
Statystyki odpowiedzi
Zagadnienie Odpowiedź % Poprawnych
Czy jest ministrantem w rodzinnej parafii? Tak
97%
Medale na ZIO 2026 Srebro i brąz indywidualne, srebro w duetach
88%
Rodzeństwo Bracia Konrad i Filip
72%
Najlepszy wynik w Pucharze świata 5 w Engelbergu i Wiśle
69%
Wyrównał wynik 3 medali (jako Polak)na jednych zimowych igrzyskach olimpijskich ustanowiony przez: Justynę Kowalczyk w 2010 roku
69%
Mistrz Polski seniorów Tak zima 2026
65%
Miejsce w klasyfikacji generalnej TCS 25/26 12
64%
Klub, który reprezentuje LZS Klimczok Bystra
61%
Data urodzenia 20.01.2007
46%
Nie znaleziono quizów pasujących do podanych kryteriów
Rozkład punktacji
Procent ludzi z każdym wynikiem
Percentyl według liczby udzielonych odpowiedzi
Twoja historia wyników
Nie rozwiązałeś tego quizu